Things That are Things - Statistics

General Stats
  • This quiz has been taken 240 times
  • The average score is 6 of 24
Answer Stats
Clue Answer % Correct
a new high watermark in human achievement {best thing} since sliced-bread
73%
What Meatloaf would do for love Anything (but not that)
69%
a safe bet sure thing
61%
Michael Jackson song abbreviated P.Y.T. Pretty Young Thing
58%
What war is good for Absolutely nothing
42%
DC Comics plant elemental monster/hero Swamp Thing
33%
Tone Lōc song Wild Thing
29%
Queen song done in rockabilly style Crazy Little Thing Called Love
26%
1989 Spike Lee movie Do The Right Thing
24%
90s teen movie with Julia Stiles 10 Things I Hate About You
23%
Tom Hanks' directorial debut, about a one-hit wonder band That Thing You Do!
22%
Aerosmith song on the Armageddon soundtrack I Don't Want to Miss a Thing
18%
The Little Mermaid has 20 thingamabob
18%
Piscine album by Frank Zappa Thing-Fish
14%
Fine Young Cannibals song Good Thing
13%
Similar character of Marvel comics Man-Thing
13%
Chinua Achebe book Things Fall Apart
13%
1951 sci-fi horror film The Thing From Another World
9%
Movie in which Jeremy Piven kills a prostitute at a bachelor party Very Bad Things
5%
"Weird" Al parody of the above about Gilligan's Island Isle Thing
4%
Objects as they are, described by Kant Thing-in-itself
3%
Han Suyin novel about interracial romance in Hong Kong A Many-Splendoured Thing
2%
Film starring Berry and del Toro Things We Lost in the Fire
2%
Burmese New Year Thingyan
1%
No matching quizzes found
Score Distribution
Percent of People with Each Score
Percentile by Number Answered
Your Score History
You have not taken this quiz